000 00624nam a2200229Ia 4500
003 OSt
005 20220928110149.0
006 a|||||r|||| 00| 0
007 ta
008 220927b |||||||| |||| 00| 0 eng d
024 _a45129
037 _cTextual
040 _aSDCL
_cSDCL
_beng
041 _2eng
_aeng
082 _aO152,1M5:g, K91
100 _aDwivedi Surya narayan
_9418352
245 0 _aRiti kalin kavya-sidhant
260 _aVaransi
_bViswv Vidyala Prakashan
_c1969
300 _a438p.
_ccm.
942 _hO152,1M5:g, K91
_cTEXL
_2CC
999 _c734351
_d734351